Personality and political crisis (Record no. 205179)

MARC details
000 -LEADER
fixed length control field 00761nam a2200241Ia 4500
003 - CONTROL NUMBER IDENTIFIER
control field OSt
005 - DATE AND TIME OF LATEST TRANSACTION
control field 20220918194751.0
008 - FIXED-LENGTH DATA ELEMENTS--GENERAL INFORMATION
fixed length control field 220917b |||||||| |||| 00| 0 eng d
037 ## - SOURCE OF ACQUISITION
Terms of availability Textual
040 ## - CATALOGING SOURCE
Original cataloging agency ARTS
Transcribing agency ARTS
Language of cataloging eng
041 ## - LANGUAGE CODE
Source of code eng
Language code of text/sound track or separate title eng
100 ## - MAIN ENTRY--PERSONAL NAME
Personal name Stanton Alfred H ed
9 (RLIN) 86956
245 #0 - TITLE STATEMENT
Title Personality and political crisis
Remainder of title new perspectives from social sdcience and psychiatives form social science and psychiatry for the study of war and politics
260 ## - PUBLICATION, DISTRIBUTION, ETC.
Date of publication, distribution, etc. 1951
650 ## - SUBJECT ADDED ENTRY--TOPICAL TERM
Topical term or geographic name entry element PSYCHOLOGY
700 ## - ADDED ENTRY--PERSONAL NAME
Personal name Perry Stewart E ed
9 (RLIN) 86957
942 ## - ADDED ENTRY ELEMENTS (KOHA)
Classification part S:70W, J1
Koha item type Textual
Source of classification or shelving scheme Colon Classification (CC)
Holdings
Withdrawn status Lost status Damaged status Not for loan Home library Current library Date acquired Total Checkouts Full call number Barcode Date last seen Price effective from Koha item type
        Arts Library Arts Library 2022-09-18   S:70W J1 AL0188947 2022-09-18 2022-09-18 Textual
Copyright @ Delhi University Library System